000 00310nam a2200121Ia 4500
005 20260328101453.0
008 260328s9999||||xx |||||||||||||| ||und||
100 _aMacaulay, David
245 0 _aGreat moments in Architecture /
_cDavid Macaulay
260 _bDavid Macaulay
650 _aARQUITECTURA
942 _cBK
999 _c8725
_d8725